000 00613nam a2200193Ia 4500
003 GCL
008 140319s9999 xx 000 0 ara d
040 _aGCL /
_cGCL
082 0 4 _a091.1
_bس ب
100 1 _aسعيد مغاورى محمد
245 1 0 _aالبرديات العربية فى مصر الاسلامية /
_cسعيد مغاورى محمد
300 _a310 ص
490 _aمكتبة الشباب
_v0
650 0 4 _aالبردى
650 0 4 _aالمخطوطات العربية
650 0 4 _aالمخطوطات الاسلامية
650 0 4 _aالمخطوطات - ترميم
942 _2ddc
_cBK
999 _c47394
_d47394